| 000 | 00975nam a2200301Ia 4500 | ||
|---|---|---|---|
| 003 | OSt | ||
| 005 | 20221006160201.0 | ||
| 006 | a|||||r|||| 00| 0 | ||
| 007 | ta | ||
| 008 | 221006b |||||||| |||| 00| 0 eng d | ||
| 020 |
_a9788933705285 _c _39.95 (each) |
||
| 024 | _a44,541 | ||
| 037 |
_bGift, Koren Embassy _cTextual |
||
| 040 |
_aEASL _cEASL _beng |
||
| 041 |
_2eng _aeng |
||
| 082 | _aY:1v495.P1, P7 | ||
| 100 |
_aKim Choong Soon _9672264 |
||
| 245 | 0 |
_aKimchi and information tecnology _b Tradition and transformation in korea |
|
| 260 |
_aSeoul _bIlchokak Korea _c2007 |
||
| 300 |
_a422p. _ccm. |
||
| 490 | _v KEL | ||
| 650 | _a KEL | ||
| 650 |
_a Korea - Economic development - Industrialization - Environmental conservation _9672265 |
||
| 650 | _a Korea - Religion | ||
| 650 |
_aKorea - Kinship - Marriage - Family _9672266 |
||
| 942 |
_hY:1v495.P1, P7 _cTEXL _2CC |
||
| 999 |
_c1112633 _d1112633 |
||